000 00360 a2200145 4500
001 66105
082 _a519.402855369MAT
090 _c38410
_d38410
100 _aThe Math Works Inc
245 _aMATLAB; getting started with MATLAB
260 _aNatick, MA
_bThe Math Works Inc
_c1996
300 _a86 index
500 _aMATLAB
740 _aMATLAB
942 _aNUST-CAE
_k519.402855369MAT
999 _c301178
_d301178